| 000 | 00889cam a22002897a 4500 | ||
|---|---|---|---|
| 001 | 16609119 | ||
| 003 | OSt | ||
| 005 | 20140310182429.0 | ||
| 008 | 110113s2010 ph b f000 0 eng | ||
| 010 | _a 2010440316 | ||
| 020 | _a9789715426213 | ||
| 040 |
_aDLC _cDLC _dDLC |
||
| 041 | 0 |
_aeng _aceb |
|
| 042 | _alcode | ||
| 050 | 0 | 0 |
_aPL 5931.2 _b.Sa129 2010 |
| 100 | 1 | _aSaga, Placida Go- | |
| 245 | 1 | 0 |
_aFolk poetry of Southern Leyte : _ba collection of secular and religious folk poetry / _cPlacida Go-Saga |
| 260 |
_aDiliman, Quezon City : _bUniversity of the Philippines Press, _c2010. |
||
| 300 |
_a354 p. : _c23 cm. |
||
| 504 | _aIncludes bibliographical references (p. 351-352). | ||
| 546 | _aEnglish and Cebuano. | ||
| 562 | _e1 | ||
| 906 |
_a7 _bcbc _corigode _d4 _encip _f20 _gy-gencatlg |
||
| 942 |
_2lcc _cBK _kFLIR |
||
| 999 |
_c13328 _d13328 |
||